Understanding journalism / (Record no. 3277)

000 -LEADER
fixed length control field 01021cam a2200301 a 4500
001 - CONTROL NUMBER
control field 17185308
003 - CONTROL NUMBER IDENTIFIER
control field OSt
005 - DATE AND TIME OF LATEST TRANSACTION
control field 20180117090002.0
008 - FIXED-LENGTH DATA ELEMENTS--GENERAL INFORMATION
fixed length control field 120228s2013 cau b 001 0 eng
010 ## - LIBRARY OF CONGRESS CONTROL NUMBER
LC control number 2012934262
020 ## - INTERNATIONAL STANDARD BOOK NUMBER
International Standard Book Number 9781446207383
020 ## - INTERNATIONAL STANDARD BOOK NUMBER
International Standard Book Number 9781446207390 (paperback)
040 ## - CATALOGING SOURCE
Original cataloging agency DLC
Transcribing agency DLC
Modifying agency DLC
050 00 - LIBRARY OF CONGRESS CALL NUMBER
Classification number PN4731
Item number .B85 2013
082 00 - DEWEY DECIMAL CLASSIFICATION NUMBER
Classification number 070.4
Edition number 23
100 1# - MAIN ENTRY--PERSONAL NAME
Personal name Burns, Lynette Sheridan.
245 10 - TITLE STATEMENT
Title Understanding journalism /
Statement of responsibility, etc. Lynette Sheridan Burns.
250 ## - EDITION STATEMENT
Edition statement 2nd ed.
260 ## - PUBLICATION, DISTRIBUTION, ETC.
Place of publication, distribution, etc. Los Angeles :
Name of publisher, distributor, etc. SAGE,
Date of publication, distribution, etc. 2013.
300 ## - PHYSICAL DESCRIPTION
Extent xi, 177 p. ;
Dimensions 25 cm
504 ## - BIBLIOGRAPHY, ETC. NOTE
Bibliography, etc. note Includes bibliographical references (pages 168-173) and index.
650 #0 - SUBJECT ADDED ENTRY--TOPICAL TERM
Topical term or geographic name entry element Journalism.
650 #0 - SUBJECT ADDED ENTRY--TOPICAL TERM
Topical term or geographic name entry element Reporters and reporting.
906 ## - LOCAL DATA ELEMENT F, LDF (RLIN)
a 7
b cbc
c origcop
d 2
e epcn
f 20
g y-gencatlg
942 ## - ADDED ENTRY ELEMENTS (KOHA)
Source of classification or shelving scheme
Koha item type Book
Holdings
Withdrawn status Lost status Source of classification or shelving scheme Damaged status Not for loan Permanent Location Current Location Shelving location Date acquired Total Checkouts Full call number Barcode Date last seen Price effective from Koha item type
          Central Library (CL) Central Library (CL) First Floor - Journalism 05/31/2016   302.23 BUR S3H-S-448 05/31/2016 05/31/2016 Book
© 2023 Central Library, National University of Sciences and Technology. All Rights Reserved.